LEADER 01696nam a2200409 u 4500 001 000000111444 003 CaOOAMICUS 005 20080505142157.0 008 080505s1996 it u000 u ita u 020 $a88-17-18926-X 040 $aPUL$bita$dLDB 041 1 $aita$agrc$hgrc 100 0 $aHomerus,$dsec. VIII a.C.$0(OLS)http://pul/name/7026 240 10$aIlias.$lItaliano.$0(OLS)http://pul/title/71374 245 10$aIliade /$cOmero ; introduzione e traduzione di Giovanni Cerri ; commento di Antonietta Gostoli, con un saggio di Wolfgang Schadewaldt. 260 $aMilano :$bRizzoli,$c1996. 300 $a1333 p. ;$c19 cm. 490 1 $aClassici Rizzoli 500 $aVol. in cofanetto. 500 $aIndici : p. [1275]-1333. 546 $aTesto greco a fronte. 700 1 $aCerri, Giovanni.$0(OLS)http://pul/name/11531 700 1 $aSchadewaldt, Wolfgang Otto Bernhard,$d1900-1974.$0(OLS)http://pul/name/68453 700 1 $aGostoli, Antonietta.$0(OLS)http://pul/name/68451 700 0 $aHomerus,$dsec. VIII a.C.$tIlias.$0(OLS)http://pul/nameTitle/685$0(OLS)http://pul/name/7026$0(OLS)http://pul/title/137480 830 0$aClassici Rizzoli.$0(OLS)http://pul/title/6649 850 $aPUL 852 $aPUL$W1$xDP1 Fondo Fallaci$y66$mB IV 1.1$j127744$qFondi$B126449$CPULBib$Z2$F126449 $82 900 $aHomer$97026 900 $aOmero$dsec. VIII a.C.$97026 900 $aHomer$97026 900 $aOmero$dsec. VIII a.C.$97026 941 1 $a1 961 $aEx libirs Oriana Fallaci 996 $6020$a88-17-18926-X$9(OLS)http://pul/number/137918 996 $6245$aIliade$9(OLS)http://pul/title/16557 996 $6260$aMilano :$bRizzoli$9(OLS)http://pul/publisher/48712 LEADER 01537namaa2200349 i 4500 001 000000178176 003 CaOOAMICUS 005 20251031131553.0 007 tu 008 251031s2025 it hoa 000 u eng r 040 $aPUL$bita$erda 082 0 $a271 245 12$aA companion to the OMI : constitutions and rules :$breflections by the Oblate charismatic family /$cFrank Santucci (Ed.) 264 1$aRoma :$bMissionarii OMI,$c[2025] 300 $a422 pagine : $bfacsimili, fotografie, illustrazioni ;$c21 cm 336 $atesto$btxt$2rdacontent 337 $asenza mediazione$bn$2rdamedia 338 $avolume$bnc$2rdacarrier 490 1 $aStudia oblatio ;$v14 500 $aSupplemento a "Oblatio", XIV-2025/1. 504 $aBibliografia in nota a pič pagina. 610 24$aOblati di Maria Immacolata.$0(OLS)http://pul/subject/21362 650 4$aOrdini religiosi.$0(OLS)http://pul/subject/1696 700 1 $aSantucci, Francis,$cO.M.I.,$ecuratore.$0(OLS)http://pul/name/114063 830 0$aStudia oblatio ;$v14.$0(OLS)http://pul/title/218829 850 $aPUL 852 $aPUL$W1$xSL Religione 3$y85$m271 SANFR 1$j202046$qDDC 21$B207263$CPULBib$Z2$F207263 $H138222 $82 941 1 $a9 996 $6082$a271$9(OLS)http://pul/classification/284 996 $6245$aA companion to the OMI : constitutions and rules :$breflections by the Oblate charismatic family$9(OLS)http://pul/title/219740 996 $6264$aRoma :$bMissionarii OMI$9(OLS)http://pul/publisher/83396